Library Logo

Pioneer International University Library Catalogue

World of Chemistry (Record no. 9914)

MARC details
000 -LEADER
fixed length control field 00500nam a22001697a 4500
003 - CONTROL NUMBER IDENTIFIER
control field OSt
005 - DATE AND TIME OF LATEST TRANSACTION
control field 20260203095509.0
008 - FIXED-LENGTH DATA ELEMENTS--GENERAL INFORMATION
fixed length control field 260203b |||||||| |||| 00| 0 eng d
020 ## - INTERNATIONAL STANDARD BOOK NUMBER
International Standard Book Number 0787636509
040 ## - CATALOGING SOURCE
Transcribing agency Gale Group
050 ## - LIBRARY OF CONGRESS CALL NUMBER
Classification number QD 33 .W873 2000
Item number .W873 2000
245 ## - TITLE STATEMENT
Title World of Chemistry
Statement of responsibility, etc. Robyn V. Young
250 ## - EDITION STATEMENT
Edition statement 1st edition
260 ## - PUBLICATION, DISTRIBUTION, ETC.
Place of publication, distribution, etc. London:
Name of publisher, distributor, etc. Gale group,
Date of publication, distribution, etc. 2000
300 ## - PHYSICAL DESCRIPTION
Extent ix,1360 pages,
Other physical details ill.:som col. includes bibliographic references and indexes;
Dimensions 28.4cm
942 ## - ADDED ENTRY ELEMENTS (KOHA)
Source of classification or shelving scheme Library of Congress Classification
Koha item type Books
Suppress in OPAC No
Holdings
Withdrawn status Lost status Source of classification or shelving scheme Damaged status Not for loan Home library Current library Date acquired Total checkouts Barcode Date last seen Price effective from Koha item type
    Library of Congress Classification     PIU Library PIU Library 02/03/2026   PIUDL911 02/03/2026 02/03/2026 Books